Competitive advantage : Creating and sustaining superior performance, with a new introduction

Bibliographic Details
Main Author: PORTER
Format: Book
Published: New York, USA : The Free Press , 1998
Subjects:

MARC

LEADER 00000cam a2200000 7i4500
001 0000000332
005 20000802.0
020 0 0 |a 0684841460 
090 0 0 |a 658   |b POR 1998 
100 1 0 |a PORTER   |h Michael E. 
245 1 0 |a Competitive advantage :   |b Creating and sustaining superior performance, with a new introduction   |c Michael E. Porter 
260 0 0 |a New York, USA :   |b The Free Press ,   |c 1998 
300 |a xxiv, 557 p. ;   |c 24 cm. 
500 0 0 |a Bibliography: [p. 537-540] and index 
650 0 0 |a Competition 
650 0 0 |a Industrial management 
999 |a 0000001510   |b Monograph   |c Open Shelf   |e Default branch